LEADER 00854nam a2200217 i 4500 001 000000223605 003 CaOOAMICUS 005 20131016000000.0 008 131016s1792 it u000 u fre u 013 $a202502 026 $aS.NT ntes ursi Poti (3) 1792 (A) 040 $aSeMil$bita 245 10$aTome 35. 300 $a[4], 270, [2] p. 500 $aContiene : Historie du parlement de Paris; Fragmens historiques sur l'Inde sur le general Lalli et sur plusieurs autres sujets. 773 0 $aVoltaire <1694-1778>$tOeuvres completes de m. de Voltaire. Tome 1. [-100.].$dA Lyon : Chez J. B. Delamollière, 1791-1792.$g35$w()28886 850 $aSeMil 852 $aSeMil$W1$xVenegono$y1$m2Q I 115 FA$j173951$B173951$CSeMilBibl$Z2$F184217 $8I 941 1 $a10 961 $aRecupero: Mantegazza 996 $6245$aTome 35$9(OLS)http://semarc/title/320613 LEADER 01502nam a2200289 i 4500 001 000000122968 003 CaOOAMICUS 005 20040212000000.0 008 040212s1997 it u000 u ita u 013 $a95663 040 $aSeMil$bita 100 1 $aBerattino, Guglielmo.$0(OLS)http://semarc/name/51068 245 13$aIl salone degli affreschi nel palazzo vescovile di Ivrea /$ca cura di Pier Giorgio Debernardi ; prefazione [di] monsignor Luigi Bettazzi ; introduzione di Michela di [sic!] Macco ; testi e schede Guglielmo Berattino ... [et al.]. 260 $a[Italia] :$bFerrero,$ccopyr. 1997. 300 $a195 p. :$briccamente ill. ;$c31 cm. 500 $aContiene : Fonti archivistiche ; Bibliografia. - Fondo Card. C.M. Martini. 650 4$aIvrea - Palazzo vescovile - Affreschi.$0(OLS)http://semarc/subject/23365 650 4$aIvrea (Diocesi) - Chiese - Fonti iconografiche.$0(OLS)http://semarc/subject/23366 700 1 $aDi Macco, Michela.$0(OLS)http://semarc/name/46541 700 1 $aDebernardi, Pier Giorgio.$0(OLS)http://semarc/name/38497 700 1 $aBettazzi, Luigi,$c.$0(OLS)http://semarc/name/18965 850 $aSeMil 852 $aSeMil$W1$xVenegono$y1$m5G IX 20$j77773$B77773$CSeMilBibl$Z2$F79927 $8I 941 1 $a4 961 $aOmaggio: Martini Card. Carlo Maria 996 $6245$aIl salone degli affreschi nel palazzo vescovile di Ivrea$9(OLS)http://semarc/title/180920 996 $6260$a[Italia] :$bFerrero$9(OLS)http://semarc/publisher/46206